000 00471nam a2200181Ia 4500
008 120817t1993 xxu||||| |||| 00| 0 sin d
041 _asin
080 _a8-31 (Indian)
_bNAR
100 _aNarayan, R. K.
245 _aමාල්ගුඩි දවස්
246 _aMalgudi Dawas
260 _aS. Godage
_aColombo
_c1993
300 _b110p, 18 cm
700 _aBotheju, Bobi G.
_etr.
942 _cBK
999 _c40193
_d40193
003 LK-CoDNM
040 _aLK-CoDNM
_dLK-CoDNM
_eLK-CoDNM